Statistics for -Dence Vocabulary Words

Click here to take the quiz!

General Stats

  • This quiz has been taken 408 times
    (404 since last reset)
  • The average score is 8 of 16

Answer Stats

HintWord% Correct
Information presented to a juryEvidence
96%
Two events happening, by chance, at the same timeCoincidence
90%
Self-beliefConfidence
78%
HomeResidence
78%
God's divine care; also a US state capitalProvidence
74%
Belief; the band CCR misspelt this word in their nameCredence
58%
Rhythmic flow of language or musicCadence
56%
Higher ranks take this, over lower ranksPrecedence
53%
Excessive indulgence in pleasure or luxuryDecadence
36%
Caution, frugality, carePrudence
36%
OccurrenceIncidence
29%
Sudden sinking of landSubsidence
27%
Mischievous cheekImpudence
25%
Antonym of ^^^Diffidence
10%
Protest against official policyDissidence
6%
Grating, irritating loudnessStridence
2%

Score Distribution

Percentile by Number Answered

Percent of People with Each Score

Your Score History

You have not taken this quiz since the last reset